[Event "Marburg op"]
[Site "Marburg"]
[Date "2024.10.26"]
[Round "5"]
[White "Feshchenko, Diana"]
[Black "Huebel, Ludwig"]
[Result "1-0"]
[WhiteElo "1742"]
[BlackElo "1893"]
[PlyCount "73"]
[EventDate "2024.10.24"]
[EventType "swiss"]
[EventRounds "7"]
[EventCountry "GER"]
[SourceTitle "CB16_2025"]
[SourceDate "2025.04.16"]
[SourceVersion "1"]
[SourceVersionDate "2025.04.16"]
[SourceQuality "1"]

1. e4 c5 2. Nc3 Nc6 3. g3 g6 4. Bg2 Bg7 5. d3 d6 6. f4 e6 7. Nf3 Nge7 8. 0-0 0-0 9. Be3 Nd4 10. Qd2 Rb8 11. Nd1 Bd7 12. c3 Nxf3+ 13. Bxf3 Bc6 14. Nf2 b6 15. Rad1 d5 16. d4 dxe4 17. Nxe4 cxd4 18. Bxd4 Bxd4+ 19. Qxd4 Qxd4+ 20. Rxd4 Nf5 21. Rd2 Kg7 22. Nd6 Ne7 23. Bxc6 Nxc6 24. Nb5 Rfd8 25. Rfd1 Rxd2 26. Rxd2 a6 27. Nc7 a5 28. Rd7 Kf6 29. Kf2 Rd8 30. Rxd8 Nxd8 31. a4 Nb7 32. Na8 Nc5 33. Nxb6 Nd3+ 34. Ke3 Nxb2 35. Kd2 g5 36. fxg5+ Kxg5 37. Kc2 1-0

[Event "Marburg op"]
[Site "Marburg"]
[Date "2024.10.26"]
[Round "4"]
[White "Huebel, Ludwig"]
[Black "Hallen, Maxime"]
[Result "0-1"]
[WhiteElo "1893"]
[BlackElo "1748"]
[PlyCount "78"]
[EventDate "2024.10.24"]
[EventType "swiss"]
[EventRounds "7"]
[EventCountry "GER"]
[SourceTitle "CB16_2025"]
[SourceDate "2025.04.16"]
[SourceVersion "1"]
[SourceVersionDate "2025.04.16"]
[SourceQuality "1"]

1. d4 d5 2. Bf4 c5 3. e3 cxd4 4. exd4 Nc6 5. Nf3 Bg4 6. Bb5 e6 7. Nbd2 Bd6 8. Bxd6 Qxd6 9. c3 Nf6 10. h3 Bxf3 11. Nxf3 a6 12. Bd3 0-0 13. 0-0 b5 14. a3 Rfc8 15. Re1 Na5 16. Ne5 Nc4 17. Qe2 a5 18. g4 Nd7 19. f4 Ndxe5 20. fxe5 Qe7 21. Rf1 Rab8 22. Rf3 b4 23. axb4 axb4 24. Bxc4 Rxc4 25. Raf1 Rf8 26. Qd2 bxc3 27. bxc3 h6 28. Kg2 Qa3 29. h4 Rb8 30. Rc1 Rbc8 31. g5 Rxd4 32. Qxd4 Qxc1 33. gxh6 Qxh6 34. Qa7 Qg6+ 35. Kh3 Rc4 36. Rg3 Qf5+ 37. Kg2 Qxe5 38. Qa5 Qe4+ 39. Kf1 Qh1+ 0-1

[Event "Marburg op"]
[Site "Marburg"]
[Date "2024.10.24"]
[Round "1"]
[White "Zwardon, Vojtech"]
[Black "Huebel, Ludwig"]
[Result "1-0"]
[WhiteElo "2442"]
[BlackElo "1893"]
[PlyCount "79"]
[EventDate "2024.10.24"]
[EventType "swiss"]
[EventRounds "7"]
[EventCountry "GER"]
[SourceTitle "CB16_2025"]
[SourceDate "2025.04.16"]
[SourceVersion "1"]
[SourceVersionDate "2025.04.16"]
[SourceQuality "1"]

1. c4 Nf6 2. Nc3 g6 3. g3 Bg7 4. Bg2 0-0 5. d3 d6 6. Bg5 c5 7. Qd2 Nc6 8. Bh6 a6 9. h4 Bxh6 10. Qxh6 Ng4 11. Qd2 Bd7 12. h5 Rb8 13. f3 Nf6 14. Ne4 Qa5 15. Nxf6+ exf6 16. Qxa5 Nxa5 17. f4 b5 18. b3 Nc6 19. Nf3 Rfe8 20. Kd2 Rbd8 21. e3 Re7 22. h6 Be8 23. Nh2 bxc4 24. Ng4 c3+ 25. Kxc3 Na7 26. Nxf6+ Kh8 27. Kd2 Bc6 28. Bd5 Rc8 29. Rhc1 Bxd5 30. Nxd5 Re6 31. Rc4 g5 32. fxg5 Re5 33. Nb6 Rce8 34. Re4 Rxe4 35. dxe4 Rxe4 36. Rf1 Kg8 37. Nd5 Re6 38. Nf6+ Kh8 39. Nxh7 Re7 40. g6 1-0

[Event "Bamberg op 6th"]
[Site "Bamberg"]
[Date "2024.09.05"]
[Round "3"]
[White "Huebel, Ludwig"]
[Black "Meulner, Klaus"]
[Result "0-1"]
[WhiteElo "1893"]
[BlackElo "2032"]
[PlyCount "54"]
[EventDate "2024.09.04"]
[EventType "swiss"]
[EventRounds "7"]
[EventCountry "GER"]
[SourceTitle "EXT 2025"]
[Source "ChessBase"]
[SourceDate "2024.10.14"]
[SourceVersion "1"]
[SourceVersionDate "2024.10.14"]
[SourceQuality "1"]

1. d4 Nf6 2. Bf4 d5 3. e3 c5 4. c3 Nc6 5. Bd3 Qb6 6. Qb3 c4 7. Qxb6 axb6 8. Bc2 b5 9. Nd2 b4 10. Ne2 e6 11. 0-0 Be7 12. e4 0-0 13. h3 b5 14. g4 Rd8 15. g5 Ne8 16. e5 bxc3 17. bxc3 b4 18. Be3 Nc7 19. f4 g6 20. cxb4 Nxb4 21. Bb1 Ra3 22. Kf2 Bd7 23. Rc1 Nb5 24. Nxc4 dxc4 25. Rxc4 Nd5 26. Bc1 Ra7 27. Bd3 Na3 0-1

[Event "GER-ch Net blitz qual4"]
[Site "Playchess.com INT"]
[Date "2021.05.10"]
[Round "5"]
[White "Wagner, Jochen"]
[Black "Huebel, Ludwig"]
[Result "0-1"]
[WhiteElo "1431"]
[BlackElo "1674"]
[PlyCount "80"]
[EventDate "2021.05.10"]
[EventType "swiss (blitz)"]
[EventRounds "11"]
[EventCountry "GER"]
[SourceTitle "CBM 202 Extra"]
[Source "ChessBase"]
[SourceDate "2021.07.31"]
[SourceVersion "1"]
[SourceVersionDate "2021.07.31"]
[SourceQuality "1"]

1. d4 Nf6 2. Bf4 g6 3. e3 Bg7 4. Bd3 0-0 5. c3 d6 6. Nd2 b6 7. Ngf3 Nbd7 8. e4 Nh5 9. Bg3 Nxg3 10. hxg3 e5 11. d5 Nc5 12. Be2 f5 13. Qc2 fxe4 14. Nxe4 Bf5 15. Bd3 Nxd3+ 16. Qxd3 Rc8 17. 0-0-0 c6 18. dxc6 Kh8 19. Nh4 Rxc6 20. Nxf5 gxf5 21. Nd2 Qg5 22. Qa6 Rc7 23. Kb1 d5 24. Nf3 Qd8 25. Rh5 Qe8 26. Rdh1 Bf6 27. Rxf5 Qg6 28. Rhh5 Rfc8 29. Nh4 Bxh4 30. gxh4 d4 31. Qd3 dxc3 32. Kc2 cxb2+ 33. Kxb2 Qc6 34. Rxh7+ Rxh7 35. Rxe5 Qc1+ 36. Kb3 Qc6 37. Qd4 Qc2+ 38. Kb4 a5+ 39. Kb5 Qc6+ 40. Ka6 Ra8# 0-1

[Event "GER-ch Net blitz qual2"]
[Site "Playchess.com INT"]
[Date "2021.05.04"]
[Round "2"]
[White "Huebel, Ludwig"]
[Black "Apelt, Andreas"]
[Result "1-0"]
[WhiteElo "1700"]
[BlackElo "1446"]
[PlyCount "83"]
[EventDate "2021.05.04"]
[EventType "swiss (blitz)"]
[EventRounds "11"]
[EventCountry "GER"]
[SourceTitle "CBM 202 Extra"]
[Source "ChessBase"]
[SourceDate "2021.07.31"]
[SourceVersion "1"]
[SourceVersionDate "2021.07.31"]
[SourceQuality "1"]

1. d4 Nf6 2. Bf4 c5 3. d5 d6 4. Nc3 a6 5. a4 e6 6. e4 exd5 7. exd5 g6 8. Nf3 Bg7 9. Bd3 0-0 10. 0-0 Nh5 11. Be3 Nd7 12. h3 Ne5 13. Nxe5 Bxe5 14. f4 Bg7 15. g4 Re8 16. Qf3 Nf6 17. Rae1 Bd7 18. Bd2 Qb6 19. b3 c4+ 20. Be3 Rxe3 21. Qxe3 Qxe3+ 22. Rxe3 cxd3 23. Rxd3 Re8 24. Kf2 Ne4+ 25. Nxe4 Rxe4 26. Kf3 Re8 27. c3 b5 28. axb5 Bxb5 29. c4 Bd7 30. Re3 Rxe3+ 31. Kxe3 a5 32. Ke4 a4 33. bxa4 Bxa4 34. Rc1 Kf8 35. c5 dxc5 36. Rxc5 Ke7 37. Rc7+ Kd6 38. Rxf7 Bc2+ 39. Ke3 Bb2 40. Rxh7 Bc1+ 41. Ke2 Kxd5 42. Kf3 1-0

[Event "GER-ch Net blitz qual1"]
[Site "Playchess.com INT"]
[Date "2021.04.24"]
[Round "5"]
[White "Dahl, Christoph"]
[Black "Huebel, Ludwig"]
[Result "1-0"]
[WhiteElo "2246"]
[BlackElo "1730"]
[PlyCount "79"]
[EventDate "2021.04.24"]
[EventType "swiss (blitz)"]
[EventRounds "11"]
[EventCountry "GER"]
[SourceTitle "CBM 202 Extra"]
[Source "ChessBase"]
[SourceDate "2021.07.31"]
[SourceVersion "1"]
[SourceVersionDate "2021.07.31"]
[SourceQuality "1"]

1. e4 c5 2. Nf3 d6 3. d4 cxd4 4. Nxd4 Nf6 5. Nc3 g6 6. Be3 Bg7 7. f3 0-0 8. Qd2 Nc6 9. Bc4 Nd7 10. 0-0-0 Nb6 11. Bb3 Na5 12. Qe2 Nxb3+ 13. axb3 a5 14. Ndb5 Bd7 15. Bd4 a4 16. Bxg7 Kxg7 17. bxa4 Nxa4 18. Nxa4 Rxa4 19. Nc3 Ra5 20. Qe3 Be6 21. f4 Bg4 22. Rdf1 Ra1+ 23. Kd2 Rxf1 24. Rxf1 Qa5 25. f5 Qc5 26. h3 gxf5 27. hxg4 fxg4 28. Qxc5 dxc5 29. Rf5 Rd8+ 30. Ke3 Kg6 31. Rxc5 Rd7 32. Nd5 e6 33. Nf4+ Kf6 34. e5+ Kf5 35. Nd3 h5 36. g3 Rd5 37. Rc7 Rb5 38. Rxf7+ Kg6 39. Rf6+ Kg5 40. Rxe6 1-0

[Event "GER-ch Net blitz qual1"]
[Site "Playchess.com INT"]
[Date "2021.04.24"]
[Round "7"]
[White "Huebel, Ludwig"]
[Black "Hagenbeck Huebert, Ben"]
[Result "0-1"]
[WhiteElo "1730"]
[BlackElo "1788"]
[PlyCount "66"]
[EventDate "2021.04.24"]
[EventType "swiss (blitz)"]
[EventRounds "11"]
[EventCountry "GER"]
[SourceTitle "CBM 202 Extra"]
[Source "ChessBase"]
[SourceDate "2021.07.31"]
[SourceVersion "1"]
[SourceVersionDate "2021.07.31"]
[SourceQuality "1"]

1. d4 d5 2. Bf4 Nf6 3. e3 g6 4. Nf3 Bg7 5. Be2 Nbd7 6. c3 0-0 7. Nbd2 Re8 8. Ne5 Nxe5 9. Bxe5 Nd7 10. Bg3 c6 11. h4 e5 12. 0-0 e4 13. h5 Nf6 14. c4 Qd7 15. a4 Qf5 16. hxg6 hxg6 17. cxd5 cxd5 18. Rc1 Be6 19. Nb3 Rac8 20. Qd2 Nh5 21. Bh2 Qg5 22. Kh1 Bf8 23. Nc5 Bxc5 24. Rxc5 Rxc5 25. dxc5 Kg7 26. b4 Rh8 27. Qd4+ Kg8 28. Kg1 Bh3 29. g3 Bxf1 30. Bxf1 Nf6 31. c6 Qh5 32. Bg2 Qxh2+ 33. Kf1 Kg7 0-1